Contemporary documentary / (Record no. 23000)
[ view plain ]
| 000 -LEADER | |
|---|---|
| fixed length control field | 02052cam a22002775a 4500 |
| 008 - FIXED-LENGTH DATA ELEMENTS--GENERAL INFORMATION | |
| fixed length control field | 161102b xxu||||| |||| 00| 0 eng d |
| 020 ## - INTERNATIONAL STANDARD BOOK NUMBER | |
| International Standard Book Number | 9781138849549 |
| 040 ## - CATALOGING SOURCE | |
| Language of cataloging | eng |
| Modifying agency | EG-ScBUE |
| 082 04 - DEWEY DECIMAL CLASSIFICATION NUMBER | |
| Classification number | 070.18 |
| Edition number | 22 |
| Item number | CON |
| 245 00 - TITLE STATEMENT | |
| Title | Contemporary documentary / |
| Statement of responsibility, etc | edited by Daniel Marcus and Selmin Kara. |
| 250 ## - EDITION STATEMENT | |
| Edition statement | 1st ed. |
| 260 ## - PUBLICATION, DISTRIBUTION, ETC. (IMPRINT) | |
| Place of publication, distribution, etc | London : |
| Name of publisher, distributor, etc | Routledge ; |
| Date of publication, distribution, etc | c. 2016. |
| 300 ## - PHYSICAL DESCRIPTION | |
| Extent | xvii, 209 p. : |
| Other physical details | ill. ; |
| Dimensions | 25 cm. |
| 504 ## - BIBLIOGRAPHY, ETC. NOTE | |
| Bibliography, etc | Includes bibliographical references and index. |
| 505 0# - FORMATTED CONTENTS NOTE | |
| Formatted contents note | Introduction: Situating Contemporary Documentary / Selmin Kara and Daniel Marcus -- FORMS, GENRES, INNOVATIONS. Lying to Be Real: The Aesthetics of Ambiguity in Docufictions / Ohad Landesman --The Mockumentary / Craig Hight -- Animated Documentary / Annabelle Honess Roe -- Producing the Crowdsourced Documentary: The Implications of Storytelling and Technology / Heather McIntosh -- Designed Experience in Interactive Documentaries / Siobhan O'Flynn -- Indigenous Documentary Media / Pamela Wilson -- DOCUMENTARY IN NEW CONTEXTS. True Life: The Voice of Television Documentary / Laurie Ouellette -- Interrogating the Media: Errol Morris in the Information Age / Kris Fallon -- Documentary and the Survival of the Film Auteur: Agn�es Varda, Werner Herzog, and Spike Lee / Helen Hughes -- The Ethics of Appropriation: "Misusing" the Found Document in Suitcase of Love and Shame and A Film Unfinished / Jaimie Baron -- Documentary, Multi-Platform Production, and Cosmopolitan Dialogues / Ib Bondebjerg -- Documentary and Video Activism / Daniel Marcus. |
| 590 ## - LOCAL NOTE (RLIN) | |
| Local note | shima |
| 650 #7 - SUBJECT ADDED ENTRY--TOPICAL TERM | |
| Topical term or geographic name as entry element | Documentary films |
| General subdivision | History and criticism. |
| Source of heading or term | BUEsh |
| 650 #0 - SUBJECT ADDED ENTRY--TOPICAL TERM | |
| Topical term or geographic name as entry element | Documentary television programs |
| General subdivision | History and criticism. |
| Source of heading or term | BUEsh |
| 651 ## - SUBJECT ADDED ENTRY--GEOGRAPHIC NAME | |
| Source of heading or term | BUEsh |
| 653 ## - INDEX TERM--UNCONTROLLED | |
| Resource For college | Communication and mass media |
| Arrived date list | November2016 |
| 700 1# - ADDED ENTRY--PERSONAL NAME | |
| Personal name | Marcus, Daniel, |
| Dates associated with a name | 1958- |
| Relator term | editor. |
| 700 1# - ADDED ENTRY--PERSONAL NAME | |
| Personal name | Kara, Selmin, |
| Relator term | editor. |
| 906 ## - LOCAL DATA ELEMENT F, LDF (RLIN) | |
| a | 7 |
| b | cbc |
| c | orignew |
| d | 1 |
| e | ecip |
| f | 20 |
| g | y-gencatlg |
| 942 ## - ADDED ENTRY ELEMENTS (KOHA) | |
| Source of classification or shelving scheme | Dewey Decimal Classification |
| Withdrawn status | Item status | Source of classification or shelving scheme | Damaged status | Not for loan | Vendor | Home library | Current library | Shelving location | Date acquired | Source of acquisition | Cost, normal purchase price | Serial Enumeration / chronology | Total Checkouts | Full call number | Barcode | Date last seen | Date last borrowed | Cost, replacement price | Koha item type |
|---|---|---|---|---|---|---|---|---|---|---|---|---|---|---|---|---|---|---|---|
| Dewey Decimal Classification | Baccah | Central Library | Central Library | Lower Floor | 02/11/2016 | Purchase | 375.00 | 25840 | 1 | 070.18 CON | 000045212 | 15/07/2025 | 24/02/2020 | 468.75 | Book - Borrowing |